Muzyčne vychovannja dľa 4-5 klasiv zahaľnoosvitn'oji školy

Bibliographic Details
Main Author: Rossinevyč, Platonida (Author)
Format: Book
Language:Ukrainian
PhysicalDescription:197 strán ilustrácie, noty 21 cm
Published: Bratislava Slovenské pedagogické nakladateľstvo 1961
Edition:Vydannja druhe
Subjects:

MARC

LEADER 00000cam a2200000 a 4500
001 vtls008360441
003 SK-MaSNL
005 20260301075308.0
008 230403s1961 xo a crp 000 0 ukr
015 |a SNBA1961/10-02059 
020 |q (viazané) 
035 |a SK01SNK19610052658 
035 |a urn:nbn:sk:snk-am3irh5 
035 |a 594945CE-A24C-4B99-A8C4-95A83CB51477 
035 |a urn:nbn:sk:snk-am00ff2k 
035 |a SKM000055121 
040 |a SNK  |b slo  |c SNK  |e AACR2 
041 0 |a ukr 
044 |a xo  |c SK 
080 |a 78:37.016  |2 2011 
080 |a (075.2)  |2 2011 
100 1 |a Rossinevyč, Platonida  |4 aut  |9 399224 
245 1 0 |a Muzyčne vychovannja dľa 4-5 klasiv zahaľnoosvitn'oji školy  |c avtor: Platonida Rossinevyč 
250 |a Vydannja druhe 
260 |a Bratislava  |b Slovenské pedagogické nakladateľstvo  |c 1961  |e Prešov  |f Východoslovenské tlačiarne 
300 |a 197 strán  |b ilustrácie, noty  |c 21 cm 
366 |e 2000 kusov 
650 0 7 |a hudobná výchova  |2 SNKPH  |9 1662 
655 7 |a učebnice základných škôl  |2 SNKPH  |9 70187 
852 |a Slovenská národná knižnica 
954 |a odborná, vedecká literatúra cudzojazyčná (svetová)  |2 lita 
958 |a TL 
958 |a RK 
958 |a UX 
958 |a UA 
958 |a OND 
958 |a EUIPO 
999 |c 649751  |d 651681 
952 |a SNK  |b SNK  |y PREZ  |7 0  |p 17A0842049  |o snkSC 15842  |i snkKSP5836/61  |0 0  |1 0  |4 0  |d 2020-07-21  |f 1  |l 0  |r 2025-07-18 00:00:00  |w 2026-02-23